000 00611nam a2200193 a 4500
001 000024199
005 20200930022812.0
008 110120s1970 it r 000 f ita d
040 _aDO-SdBNP
_bit
_cDLC
_dBNPHU
082 _a853.9
_bP667n
100 1 _aPirandello, Luigi,
_d1867-1936
_96745
245 1 0 _aNovelle per un anno :
_bin silenzio /
_cLuigi Pirandello.
260 _aVerona, Italia :
_bArnoldo Mondadori,
_c1970.
300 _a224 p. ;
_c18 cm.
650 4 _aNovela italiana
_94322
650 4 _aCuentos italianos
_95425
650 4 _aLiteratura italiana
_93329
910 _aCatalogación por copia / LC
999 _c23693
_d23693